Countries With Similar Flags #4 - Statistics

General Stats
  • This quiz has been taken 59 times
  • The average score is 13 of 14
Answer Stats
Picture Answer % Correct
Austria
98%
Estonia
98%
Germany
98%
Netherlands
98%
Bulgaria
96%
Luxembourg
94%
Hungary
92%
Russia
92%
Lithuania
90%
Armenia
88%
Yemen
88%
Bolivia
82%
Sierra Leone
76%
Gabon
73%
No matching quizzes found
Score Distribution
Percent of People with Each Score
Percentile by Number Answered
Your Score History
You have not taken this quiz